000 00470nam a2200193Ia 4500
005 20240823013704.0
008 240823s9999||||xx |||||||||||||| ||und||
020 _a0-07-058406-0
041 _aENGLISH
082 _A658.312404 P3
100 _a"Skiffington,Suzanne"
245 0 _aBehavioral Coaching
250 _a1st
260 _c2003
_bTMH New D
500 _aYES
650 _aComputer Organisation
_bInformation Technology
942 _cBK
999 _c167950
_d167950